Fifteen lyrics - Statistics

General Stats
  • This quiz has been taken 128 times
  • The average score is 309 of 371
Answer Stats
Lyrics % Correct
a
100%
be
100%
fifteen,
100%
fifteen
100%
go
100%
I
100%
the
100%
to
100%
when
100%
When
100%
You
100%
you
100%
"You
100%
you,
100%
your
100%
Your
100%
and
98%
And
98%
gonna
98%
in
98%
in,
98%
so
98%
you're
98%
do
96%
tell
96%
they
96%
believe
95%
'Cause
95%
love
95%
some
95%
at
93%
friends
93%
it
93%
know
93%
somebody
93%
boy
91%
them
91%
tells
89%
then
89%
walk
89%
for
87%
"Hi"
87%
on
87%
through
87%
before"
85%
before
85%
first
85%
out
85%
say
85%
say,
85%
see
85%
take
85%
Take
85%
didn't
84%
it's
84%
It's
84%
of
84%
who
84%
around,
82%
around
82%
breath
82%
day
82%
deep
82%
doors,
82%
doors
82%
haven't
82%
head
82%
next
82%
very
82%
this
80%
we
80%
best
78%
here
78%
one
78%
red
78%
think
78%
year
78%
Abigail
76%
boys
76%
But
76%
but
76%
like
76%
morning
76%
class
75%
four
75%
freshman
75%
seen
75%
sit
75%
soon
75%
while
75%
years
75%
football
73%
he's
73%
senior
73%
Try
73%
as
71%
can
71%
feeling
71%
girl
71%
got
71%
named
71%
town
71%
way
71%
car
69%
kiss
69%
team
69%
those
69%
was
69%
wink
69%
ain't
67%
don't
67%
everything
67%
flying
67%
spin
67%
than
67%
thinking
67%
will
67%
date
65%
enough
65%
everybody's
65%
night
65%
room
65%
stay
65%
they're
65%
We'll
65%
you'll
65%
figure
64%
greater
64%
had
64%
is
64%
makes
64%
she
64%
things
64%
dating
62%
ends
62%
girls
62%
life
62%
cool
60%
dancing
60%
gave
60%
Laughing
60%
up
60%
all
58%
both
58%
cried
58%
fall
58%
his
58%
Hoping
58%
other
58%
what
58%
changed
56%
look
56%
mind,
56%
nothing
56%
wanted
56%
back
55%
Back
55%
could
55%
now
55%
there's
55%
Wish
55%
him
53%
marry
53%
ten,
53%
waiting
53%
supposed
51%
Count
49%
dreams
49%
forget
49%
yourself
49%
bigger
47%
mama's
47%
mine
47%
swore
47%
time
45%
realized
44%
someday,
44%
anything
40%
find
40%
I've
35%
might
35%
most
35%
heal
33%
found
29%
somebody's
25%
No matching quizzes found
Score Distribution
Percent of People with Each Score
Percentile by Number Answered
Your Score History
You have not taken this quiz